00530nam a22001815i 450000100060000000300090000600500170001500700030003200800410003504000200007610000360009624500440013226000440017630000220022049000420024283000420028485200220032648818ES-MaACL20250809063456.0t|950906s1846 gw ||||1| eng d aCAM bspa cCAM1 aDisraeli, Benjamin, d1804-188110aAlroy b: a romance / cby B. Disraeli. aLeipzig : bBernhard Tauchnitz, c1846. a286 p. ; c16 cm.1 aCollection of British authors ; v1010 aCollection of British authors ; v101 aES-MaACLjG-12426